000 00805nam a2200229 4500
003 CBULib
005 20250210104347.0
008 250210b |||||||| |||| 00| 0 eng d
040 _bEnglish
_cCBULib
_erda
_aCBULib
_dCBULib
050 _aCBU-PHDTHESIS/KAM
100 _94394
_aKamangu ,Lillian
245 _aEvaluation of antibiotic prescribing patterns and associated factors among dental practitioners on the copperbelt and Lusaka Province,Zambia
_c/by lillian Kamangu
260 _aNdola
_bCBU
_c2021
300 _aiii,36 Pages : illustrations
336 _2rdacontent
_aText |
337 _2rdamedia
_aUnmediated |
_bn
338 _2rdacarrier
_aVolume
_bnc
650 0 _94395
_aDENTAL PRACTIONERS
650 0 _94396
_aANTIBIOTIC
650 0 _94397
_aPRESCRIBING PATTERN IN DENTAL
942 _2mc
_c029
999 _c86031
_d86031